| 000 | 02036cam a22005054i 4500 | ||
|---|---|---|---|
| 003 | PE-LiUPU | ||
| 005 | 20250731173458.0 | ||
| 008 | 150617s1973 miu r 000 0 eng d | ||
| 020 | _a0802811116 | ||
| 035 | _a(Sirsi) i9780802811110 | ||
| 040 |
_aPE-LiUPU _bspa _cPE-LiUPU _erda |
||
| 049 | _aPRUA | ||
| 082 | 0 | 4 |
_a232.6 _bL12 _221 |
| 100 | 1 |
_aEldon Ladd, George, _eautor. |
|
| 245 | 1 | 4 |
_aThe blessed hope / _cGeorge Eldon Ladd. |
| 264 | 1 |
_aMichigan : _bEerdmans Publishing Company, _c1973. |
|
| 300 |
_a167 páginas ; _c21 centímetros |
||
| 336 |
_atext _2rdacontent |
||
| 337 |
_aunmediated _2rdamedia |
||
| 338 |
_avolume _2rdacarrier |
||
| 505 | 0 | _aThe historic hope of the church -- The rise and spread of pretribulationism -- The vocabularu of the blessed hope -- The tribulation, the rapture, and the resurrection -- A valid inference? -- LLWatch -- Wrath or tribulation? -- Rightly dividing the word -- The blessed hope. | |
| 526 | _aSEG42 | ||
| 526 | _aSEG41 | ||
| 526 | _aSEG40 | ||
| 526 | _aSEG39 | ||
| 526 | _aP94 | ||
| 526 | _aP87 | ||
| 526 | _aP86 | ||
| 526 | _aP85 | ||
| 526 | _aP77 | ||
| 526 | _aP76 | ||
| 526 | _aP35 | ||
| 650 | 0 | 4 |
_aEscatología. _95923 |
| 650 | 0 | 4 |
_aEsperanza. _9936 |
| 650 | 0 | 4 | _aSegundo Advenimiento. |
| 910 |
_ajck _bjvq _cjck _d20150616 |
||
| 942 |
_2ddc _cBOOK |
||
| 949 |
_a232.6 L12 _wDEWEY _c1 _i18488 _lCCODEBUL1 _mBUL _r0 _sY _tBOOK _u2015-6-17 _xTEOLOGIA _PP35 _0COMPRA _o.STAFF. Colección General |
||
| 949 |
_a232.6 L14 _wDEWEY _c1 _i40185 _lCCODEBUL1 _mBUL _r0 _sY _tBOOK _u2015-6-16 _xTEOLOGIA _PP35 _0COMPRA _o.STAFF. Colección General |
||
| 994 |
_aC0 _bPEPRU |
||
| 596 | _a1 | ||
| 999 |
_a232.6 L14 _wDEWEY _c57980 _i40185 _f2021-11-10 _g5 _lCCODEBUL1 _mBUL _p17.93 _r0 _sY _tBOOK _u2015-6-16 _xTEOLOGIA _PP35 _0COMPRA _o.STAFF. Colección Teología _d57980 |
||
| 999 |
_a232.6 L12 _wDEWEY _c1 _i18488 _f2021-11-11 _g5 _lCCODEBUL1 _mBUL _p17.93 _r0 _sY _tBOOK _u2015-6-17 _xTEOLOGIA _PP35 _0COMPRA _o.STAFF. Colección Teología |
||
| 980 |
_81 _gALBERTO SANCHEZ Responsable de Automatización |
||